<The> process of communicating.

Popis procesu komunikácie. Činitele ovplyvňujúce efektívnosť komunikácie medzi ľuďmi.

Salvato in:
Dettagli Bibliografici
Autore principale: Hopen, D.L
Natura: Capitolo di libro
Lingua:inglese
Soggetti:
Tags: Aggiungi Tag
Nessun Tag, puoi essere il primo ad aggiungerne!!

MARC

LEADER 00000naa a2200000 4500
001 r005227
005 20221213084438.9
041 0 |a eng 
044 |a US 
245 1 0 |a <The> process of communicating.  |c D.L. Hopen 
520 |a Popis procesu komunikácie. Činitele ovplyvňujúce efektívnosť komunikácie medzi ľuďmi. 
610 2 0 |a komunikácia 
610 2 0 |a efektívnosť 
610 2 0 |a vzťahy medziľudské 
100 1 |a Hopen, D.L.